Statistics for Title in the Lyrics -- Songs That Start With P

Click here to take the quiz!

General Stats

  • This quiz has been taken 983 times
  • The average score is 8 of 15

Answer Stats

LyricsTitle% Correct
I'm at a ________ trying to call home / All of my change I spent on youPayphone
83%
I got! / One less _______ without ya! / I got one less, one less _______Problem
83%
Can't read my / Can't read my / No he can't read my _____ ____Poker Face
77%
Take me down / To the ________ ____ / Where the grass is green / And the girls are prettyParadise City
75%
All the other kids with the ______ __ _____ you'd better run better run outrun my gunPumped Up Kicks
74%
It's not about the money, money, money / We don't need your money, money, money / We just wanna make the world dance / Forget about the _____ ___Price Tag
73%
I got my hands up / They're playin' my song / I know I'm gonna be OK / Yeah, it's a _____ __ ___ ___Party in the USA
66%
Yeah, they was dancin' and singin' and movin' to the groovin' / And just when it hit me somebody turned around and shouted / ____ ____ _____ _____ white boyPlay That Funky Music
53%
This is the ____ __ __ / That you’re never gonna ever take away from me, noPart of Me
47%
I never meant to cause you any sorrow / I never meant to cause you any pain / I only wanted one time to see you laughing / I only want to see you laughing in the ______ ____Purple Rain
41%
(Stop) / Oh yes, wait a minute Mr. Postman / (Wait) / Wait Mr. Postman / ______ ___ _______, look and see / (Oh yeah) / If there's a letter in your bag for mePlease Mr. Postman
35%
Party like a rock / _____ ____ _ ________ / Party like a rock / _____ ____ _ ________Party Like a Rockstar
28%
Girl, ___ ____ _______ __ / Tell me your favourite song / You go ahead, let your hair downPut Your Records On
26%
Though it's cold and lonely in the deep dark night / I can see ________ __ ___ _________ _____Paradise by the Dashboard Light
17%
____ ____ _____ __ __ / Ooh, in the name of love / ____ ____ _____ __ __ / C'mon, fire me upPour Some Sugar On Me
17%

Score Distribution

Percentile by Number Answered

Percent of People with Each Score

Your Score History

You have not taken this quiz